Politics of revolution (Record no. 356325)

000 -LEADER
fixed length control field 00427cam a22001457a 4500
008 - FIXED-LENGTH DATA ELEMENTS--GENERAL INFORMATION
fixed length control field 180718b1971 xxu||||| |||| 00| 0 eng d
082 ## - DEWEY DECIMAL CLASSIFICATION NUMBER
Classification number B259 W563
100 ## - MAIN ENTRY--PERSONAL NAME
Personal name Wheeler, Harvey
245 ## - TITLE STATEMENT
Title Politics of revolution
Statement of responsibility, etc. by Harvey Wheeler
260 ## - PUBLICATION, DISTRIBUTION, ETC.
Place of publication, distribution, etc. Berkeley
Name of publisher, distributor, etc. Glendessary Press
Date of publication, distribution, etc. 1971
300 ## - PHYSICAL DESCRIPTION
Extent 305p.
650 ## - SUBJECT ADDED ENTRY--TOPICAL TERM
Topical term or geographic name entry element Revolution - United States.
650 ## - SUBJECT ADDED ENTRY--TOPICAL TERM
Topical term or geographic name entry element Social change - United States
650 ## - SUBJECT ADDED ENTRY--TOPICAL TERM
Topical term or geographic name entry element United States - History
Holdings
Withdrawn status Lost status Damaged status Not for loan Permanent Location Current Location Date acquired Full call number Barcode Date last seen Price effective from Koha item type
        Indian Institute of Public Administration Indian Institute of Public Administration 1994-01-03 B259 W563 49839 2018-07-21 2018-07-21 Book

Powered by Koha